Stations de la ligne B du tramway de Bordeaux - Statistiques

Statistiques générales
  • Ce quiz a été pris 81 fois
  • Le résultat moyen est 23 sur 37
Statistiques - réponses
Réponse % Correct
Victoire
94%
Pessac Centre
88%
Hôtel de Ville
84%
Peixotto
84%
Quinconces
84%
Saint-Nicolas
84%
Musée d'Aquitaine
82%
Montaigne Montesquieu
80%
Grand Théatre
78%
La Cité du Vin
78%
Talence Centre - Forum
78%
Arts et Métiers
75%
Barrière Saint-Genès
75%
Gambetta (MADD)
73%
Bergonié
71%
Béthanie
71%
Berges de la Garonne
69%
Roustaing
69%
UNITEC
65%
Doyen Brus
63%
François Bordes
63%
CAPC (Musée d'Art Contemporain)
59%
Les Hangars
57%
Chartrons
55%
Saige
53%
France Alouette
51%
New York
47%
Claveau
45%
Cours du Médoc
41%
Bougnard
39%
Rue Achard
37%
Pessac Alouette
35%
Châtaigneraie
31%
Brandenburg
27%
Hôpital Haut-Lévêque
27%
Camponac Médiathèque
25%
Cap Métiers
18%
Aucun quiz correspondant
Distribution des résultats
% des personnes avec chaque résultat
Percentile par nombre de réponses
Votre historique - résultats
Vous n’avez pas pris ce quiz